Logistika v období hospodárskej recesie

Hospodárska kríza a poskytovanie logistických služieb. Previazanosť priemyslu a obchodu s logistikou. Nástroje modernej logistiky. Novonastavené parametre v logistických procesoch firiem.

Guardado en:
Detalles Bibliográficos
Autor principal: Drábik, Peter, 1981-
Formato: Capítulo de libro
Lenguaje:eslovaco
Materias:
Etiquetas: Agregar Etiqueta
Sin Etiquetas, Sea el primero en etiquetar este registro!

MARC

LEADER 00000naa$a2200000$$$4500
001 0105132
005 20240502072145.4
041 0 |a slo 
044 |a SK 
245 1 0 |a Logistika v období hospodárskej recesie  |c Peter Drábik 
520 |a Hospodárska kríza a poskytovanie logistických služieb. Previazanosť priemyslu a obchodu s logistikou. Nástroje modernej logistiky. Novonastavené parametre v logistických procesoch firiem. 
610 2 0 |a kríza hospodárska 
610 2 0 |a priemysel 
610 2 0 |a obchod 
610 2 0 |a logistika distribučná 
610 2 0 |a reťazce dodávateľsko-odberateľské 
610 2 0 |a spoločnosti 
610 2 0 |a stabilita finančná 
100 1 |a Drábik, Peter, 1981-